00499nam a2200193 a 4500001001300000003000900013005001700022008004100039020002300080082001700103100001900120245002700139260003100166300000900197500003500206505001800241650002700259700001900286nice12345678IN_TiNIC20260116014524.0100309s2009 dela grp 000 0 eng  a9788190768290c69500a150.195bSHA aShastry, Vipin aEducational Psychology aDelhi bPacific Pub c2009 a236p aincludes index and biblioraphy2 abiblio, index aPsychology-Educational1 aShastry, Vipin